MDQL
is popping MORE tags! Check the
thread
!
Quizzes
Events
Quiz Creation
Community
Videos
Private Events
Remove Ads
Sign In
Join for FREE
Feedback
Dark Mode
Quiz Categories
Sports
Geography
Music
Movies
Television
Just For Fun
Miscellaneous
History
Literature
Language
Science
Gaming
Entertainment
Religion
Holiday
For Kids
Quiz Lab
Recent
Popular Today
Quiz Kudos Today
Editor Picks
Curator Picks
Quizzes by...
Day
Popularity
Type
Ratings
Length
Year
Community
Subscriptions
Recent Discussions
Orange Saloon
Badges
Playlists
Quests
Create
Leaderboards
Showdown
Live 5
Trivia Bingo
Activity
Puzzle Library
Sporcle Events
Private Events
Virtual Trivia
Globe League
Become a Host
Pub Owners
SporcleCon
Opinionation
Our Games
Videos
Blog
Mobile Apps
Partnerships
Remove Ads and Go Orange
Feedback
Entertainment
Celebrity
Famous
Musical
Broadway
Show
Quote
Comic Books
Anime
Superhero
DC Comics
Marvel
Cartoons
Animation
Entertainment
Celebrity
Famous
Musical
Broadway
Show
Quote
Comic Books
Anime
Superhero
DC Comics
Marvel
Cartoons
Animation
Random Quiz
Search Sporcle
×
Quiz Lab
Quiz Lab
Entertainment
Musical
Type in answers that appear in a list
Type in answers that appear in a list
Classic
Best Score? Go Orange.
Guess that Musical Stats
Can you name the musical based on the song title given?
By
ily
5m
27 Questions
72 Plays
72 Plays
72 Plays
Comments
Comments
Give Quiz Kudos
Give Quiz Kudos
-
- Ratings
hide this ad
Replay
Link that replays current quiz
Next Quiz
Link to next quiz in quiz playlist
You Got
0%
They Got
Avg Score
49%
Avg Friend Score
Upgrade to see
Score Distribution
Jump to the score distribution portion of the page
Score
0/27
Timer
05:00
0
Plays Today
Song
Musical
% Correct
'For Good'
Wicked
86.1%
'Castle on a Cloud'
Les Miserables
81.9%
'La Vie Boheme'
Rent
80.6%
'The Internet is for Porn'
Avenue Q
80.6%
'You're Never Fully Dressed Without a Smile'
Annie
76.4%
'Oh What a Beautiful Mornin''
Oklahoma!
73.6%
'I Could've Danced all Night'
My Fair Lady
72.2%
'I Can Hear the Bells'
Hairspray
70.8%
'Getting To Know You'
The King and I
68.1%
'Where is Love?'
Oliver!
54.2%
'What I did for Love'
A Chorus Line
52.8%
'Corner of the Sky'
Pippin
50%
'Shadowland'
The Lion King
48.6%
'Forget About the Boy'
Thoroughly Modern Millie
47.2%
Song
Musical
% Correct
'You'll Never Walk Alone'
Carousel
47.2%
'Too Darn Hot'
Kiss Me, Kate
47.2%
'If I Were a Bell'
Guys and Dolls
45.8%
'Something Good'
The Sound of Music
44.4%
'Cockeyed Optimist'
South Pacific
43.1%
'I Speak Six Languages'
The 25th Annual Putnam County Spelling Bee
33.3%
'Raise Your Voice'
Sister Act
26.4%
'An Unexpected Song'
Song and Dance
25%
'Bless your Beautiful Hide'
Seven Brides for Seven Brothers
23.6%
'Show Off'
The Drowsy Chaperone
22.2%
'One Boy'
Bye Bye Birdie
20.8%
'Much More'
Fantasticks
6.9%
'Rose's Turn'
Gypsie
4.2%
Quiz Playlist
Details
Report
Send in Message
Add To Playlist
Classic:
Type in answers that appear in a list
Last Updated: Feb 16, 2017
Quiz Scoreboard
CHALLENGE
Sign Up to Join the Scoreboard
Show All
Scores
Hide
Comments
May contain spoilers
Recently Published
1-10 Letter E Words III
by El_Dandy
Language
2m
Street Fighter Characters
by Artimus82
Gaming
60s
College Basketball Coaching Resumes
by pancakes188
Sports
9m
More to Explore
Quiz From the Vault
Featured Blog Post
Where Did the Easter Bunny Come From?
hide this ad
You Might Also Like...
Tags
Musical Quiz
Song Quiz
Today's Top Quizzes in Entertainment
Browse Entertainment
hide this ad
Today's Top Quizzes in Musical
Browse Musical
Top Contributed Quizzes in Entertainment
1
7-to-1: DC Comics Villains
2
Marvel Characters Bunker
3
Dragon Ball Z: Goku's Fights in Order
4
Eurovision 2023 Logic Puzzle
5
Sorting Pictures: Villains
6
Criteria Quickie: Cartoon Taxonomy II
7
7-to-1: One Piece
8
One Piece Characters Order of Appearance
9
Mini Trivia Sudoku: Musicals
10
Kamen Rider Motifs
Explore More
Trending Topics
Crossword
Disney
Kpop
Harry Potter
NBA
Marvel
Anime
Song
Puzzle
Soccer
Pokémon
WWE
NFL
The Office
Country
hide this ad
More By:
ily
Quiz
Plays
Rating
Category
Featured
Created
Guess that Musical
72
3.75
Entertainment
Jun 30, 2014
Go to Creator's Profile
Score Distribution
Quiz Creator Spotlight
ily
Follow
Send a Message
Quizzes Created
-
Created Quiz Play Count
-
More By This Creator
Popular Quizzes Today
1
Find the US States - No Outlines Minefield
2
Find the Countries of Europe - No Outlines Minefield
3
The Countries of the World
4
Find the US States
5
Risky Map Clicking: Biggest States A-Z
6
US States
7
Popular People in 1961
8
Movies - When Are They Set?
More Entertainment Quizzes
Disneyland Rides by Picture
Quiz Lab
Trending Quizzes
Risky Map Clicking: Least Populous States A-Z
1-10 Letter G Words
1-10 Letter F Words
Countries of the World: 200 Million BC
Risky Map Clicking: Next State Alphabetically
Recently Updated
Beyoncé Albums
pecheneg
Leaping Animals
pecheneg
Reality TV Shows (A-Z)
bhenderson79
Rickey Henderson's Hall of Fame Teammates
pecheneg
Champions League XIs: Arsenal
pecheneg
Quick Pick: Celebrities in WWE's Hall of Fame
aduchscher
A-Z Keypad Blitz II
pecheneg
Multiple Oscar Actors
pecheneg
Mystery Phrase Blitz: Oscar 'Best Actors'
pecheneg
F. Scott Fitzgerald Novels
LTH
Trending Topics
Harry Potter
Crossword
Kpop
NBA
Marvel
Disney
Anime
Pokémon
Puzzle
Country
NFL
The Office
Soccer
WWE
Song
Your Account Isn't Verified!
In order to create a playlist on Sporcle, you need to verify the email address you used during registration. Go to your
Sporcle Settings
to finish the process.
Report this User
Report this user for behavior that violates our
Community Guidelines
.
Details:
Send Report
Go to the Sporcle.com Mobile Site →
Comments